Koncepcia európskeho marketingu ako súčasť globálneho marketingového prístupu
Európsky marketing je reakciou na vznik veľkého európskeho trhu, ktorý rozširuje oblasť svojho skúmania z pôvodne separovaných trhov na trh multinacionálny a multikultúrny. Vo vzťahu k trhom, ktoré sa líšia ekonomickými, demografickými, sociálnymi i kultúrnymi charakteristikami vzniká otázka, ako zo...
Salvato in:
| Autore principale: | |
|---|---|
| Natura: | Capitolo di libro |
| Lingua: | slovacco |
| Soggetti: | |
| Tags: |
Nessun Tag, puoi essere il primo ad aggiungerne!!
|
MARC
| LEADER | 00000nla$a2200000$$$4500 | ||
|---|---|---|---|
| 001 | 0147078 | ||
| 005 | 20240502072645.9 | ||
| 041 | 0 | |a slo | |
| 044 | |a SK | ||
| 245 | 1 | 0 | |a Koncepcia európskeho marketingu ako súčasť globálneho marketingového prístupu |c Viera Čihovská |
| 520 | |a Európsky marketing je reakciou na vznik veľkého európskeho trhu, ktorý rozširuje oblasť svojho skúmania z pôvodne separovaných trhov na trh multinacionálny a multikultúrny. Vo vzťahu k trhom, ktoré sa líšia ekonomickými, demografickými, sociálnymi i kultúrnymi charakteristikami vzniká otázka, ako zosúladiť požiadavky zákazníkov a potreby štandardizácie, ktorá umožňuje rast produktivity. Na tieto otázky odpovedá koncepcia európskeho marketingu ako súčasti globálneho marketingového prístupu. | ||
| 610 | 2 | 0 | |a marketing globálny |
| 610 | 2 | 0 | |a marketing medzinárodný |
| 610 | 2 | 0 | |a Európska únia |
| 100 | 1 | |a Čihovská, Viera | |